000
00250nam a2200109Ia 4500
008
190216s9999||||xx |||||||||||||| ||und||
100
_a
Dhandapani Mv
245
0
_a
Commercial And Industrial Law
260
_b
Null
_c
1990
300
_a
1153p
942
_c
BK
999
_c
5593
_d
5593